[Event "10th Amsterdam Science Park"]
[Site "Amsterdam"]
[Date "2022.07.19"]
[Round "2"]
[White "Theulings, Paul-Peter"]
[Black "Afek, Yochanan"]
[Result "1/2-1/2"]
[Board "8"]
[WhiteTitle "CM"]
[WhiteElo "2056"]
[WhiteCountry "NED"]
[WhiteFideId "1002899"]
[WhiteEloChange "4"]
[BlackTitle "IM"]
[BlackElo "2210"]
[BlackCountry "ISR"]
[BlackFideId "2800462"]
[BlackEloChange "-4"]

1. Nf3 {[%clk 1:30:55]} Nf6 {[%clk 1:30:29]} 2. c4 {[%clk 1:31:19]} g6 {[%clk
1:30:26]} 3. g3 {[%clk 1:31:39]} Bg7 {[%clk 1:30:51]} 4. Bg2 {[%clk 1:32:00]} O-O
{[%clk 1:31:05]} 5. d4 {[%clk 1:32:17]} c5 {[%clk 1:30:23]} 6. O-O {[%clk
1:31:49]} Nc6 {[%clk 1:29:19]} 7. Nc3 {[%clk 1:31:37]} d6 {[%clk 1:25:47]} 8.
dxc5 {[%clk 1:31:51]} dxc5 {[%clk 1:26:11]} 9. Bf4 {[%clk 1:32:12]} Nh5 {[%clk
1:22:57]} 10. Be3 {[%clk 1:32:30]} Nd4 {[%clk 1:19:19]} 11. Qd2 {[%clk 1:32:21]}
Bg4 {[%clk 1:17:05]} 12. Rfd1 {[%clk 1:31:55]} Bxf3 {[%clk 1:13:13]} 13. Bxf3
{[%clk 1:31:44]} Nxf3+ {[%clk 1:12:01]} 14. exf3 {[%clk 1:32:06]} Qxd2 {[%clk
1:11:17]} 15. Rxd2 {[%clk 1:32:30]} Bxc3 {[%clk 1:11:07]} 16. bxc3 {[%clk
1:32:53]} b6 {[%clk 1:09:33]} 17. Rd7 {[%clk 1:32:13]} Rfe8 {[%clk 0:58:25]} 18.
Rad1 {[%clk 1:29:49]} Ng7 {[%clk 0:35:49]} 19. Rb7 {[%clk 1:19:10]} Nf5 {[%clk
0:35:45]} 20. Bf4 {[%clk 1:18:52]} e5 {[%clk 0:28:49]} 21. Bg5 {[%clk 1:13:35]}
h6 {[%clk 0:28:53]} 22. Bf6 {[%clk 1:10:08]} Re6 {[%clk 0:28:39]} 23. Rxa7 {[%clk
1:07:19]} Rf8 {[%clk 0:23:02]} 24. Bd8 {[%clk 1:06:20]} Nd6 {[%clk 0:03:35]} 25.
Be7 {[%clk 0:57:04]} Nc8 {[%clk 0:04:04]} 26. Bxf8 {[%clk 0:57:23]} Nxa7 {[%clk
0:04:32]} 27. Bxh6 {[%clk 0:43:09]} Nc6 {[%clk 0:05:01]} 28. Bg5 {[%clk 0:38:12]}
Kg7 {[%clk 0:05:06]} 29. Bd8 {[%clk 0:37:02]} Na5 {[%clk 0:05:29]} 30. g4 {[%clk
0:35:49]} Nxc4 {[%clk 0:03:59]} 31. g5 {[%clk 0:35:58]} Kf8 {[%clk 0:03:12]} 32.
Bf6 {[%clk 0:34:57]} Nd6 {[%clk 0:02:34]} 33. Rd5 {[%clk 0:33:40]} e4 {[%clk
0:02:48]} 34. f4 {[%clk 0:21:47]} Ne8 {[%clk 0:02:49]} 35. Rd8 {[%clk 0:21:52]}
Rd6 {[%clk 0:02:38]} 36. a4 {[%clk 0:21:19]} Re6 {[%clk 0:02:18]} 37. Be5 {[%clk
0:19:27]} Ke7 {[%clk 0:02:13]} 38. Rb8 {[%clk 0:19:42]} Rc6 {[%clk 0:02:09]} 39.
Kf1 {[%clk 0:17:15]} Nd6 {[%clk 0:02:32]} 40. Bxd6+ {[%clk 0:13:18]} Rxd6 {[%clk
0:02:59]} 41. Rb7+ {[%clk 0:13:15]} Ke6 {[%clk 0:03:28]} 42. Ke2 {[%clk 0:13:27]}
f5 {[%clk 0:01:54]} 43. gxf6 {[%clk 0:12:33]} Kxf6 {[%clk 0:02:15]} 44. Ke3
{[%clk 0:12:08]} Kf5 {[%clk 0:02:19]} 45. Rf7+ {[%clk 0:12:02]} Ke6 {[%clk
0:02:36]} 46. Rf8 {[%clk 0:07:39]} Rd3+ {[%clk 0:29:43]} 47. Kxe4 {[%clk
0:38:01]} Rxc3 {[%clk 0:30:10]} 48. Re8+ {[%clk 0:35:52]} Kf7 {[%clk 0:29:49]}
49. Rb8 {[%clk 0:35:19]} Rb3 {[%clk 0:24:40]} 50. Ke5 {[%clk 0:35:03]} Rb4 {[%clk
0:23:16]} 51. Rb7+ {[%clk 0:35:12]} Kf8 {[%clk 0:23:04]} 52. h4 {[%clk 0:31:36]}
Rxa4 {[%clk 0:22:00]} 53. Rxb6 {[%clk 0:31:54]} Kg7 {[%clk 0:21:48]} 54. Rc6
{[%clk 0:31:09]} c4 {[%clk 0:21:35]} 55. Rc8 {[%clk 0:30:24]} Ra5+ {[%clk
0:20:35]} 56. Ke4 {[%clk 0:24:51]} Rh5 {[%clk 0:19:12]} 57. Rxc4 {[%clk 0:25:08]}
Rxh4 {[%clk 0:19:33]} 58. Rc7+ {[%clk 0:24:52]} Kf6 {[%clk 0:19:04]} 59. Rc6+
{[%clk 0:25:14]} Kf7 {[%clk 0:19:27]} 60. Kf3 {[%clk 0:02:28]} 1/2-1/2

[Event "10th Amsterdam Science Park"]
[Site "Amsterdam"]
[Date "2022.07.19"]
[Round "2"]
[White "Duson, Robin"]
[Black "Tan, Kevin"]
[Result "1/2-1/2"]
[Board "9"]
[WhiteElo "2027"]
[WhiteCountry "NED"]
[WhiteFideId "1055038"]
[WhiteEloChange "5"]
[BlackElo "2209"]
[BlackCountry "NED"]
[BlackFideId "1010280"]
[BlackEloChange "-5"]

1. d4 {[%clk 1:30:55]} d5 {[%clk 1:30:51]} 2. c4 {[%clk 1:31:18]} dxc4 {[%clk
1:31:15]} 3. Nf3 {[%clk 1:31:08]} a6 {[%clk 1:23:49]} 4. e3 {[%clk 1:26:17]} b5
{[%clk 1:22:33]} 5. a4 {[%clk 1:25:31]} Bb7 {[%clk 1:22:11]} 6. axb5 {[%clk
1:21:33]} axb5 {[%clk 1:22:24]} 7. Rxa8 {[%clk 1:21:54]} Bxa8 {[%clk 1:22:49]} 8.
b3 {[%clk 1:21:36]} c5 {[%clk 1:08:06]} 9. bxc4 {[%clk 1:16:01]} b4 {[%clk
1:07:53]} 10. Nbd2 {[%clk 1:13:41]} Nd7 {[%clk 1:06:40]} 11. Qa4 {[%clk 1:05:52]}
e6 {[%clk 1:00:34]} 12. Ne5 {[%clk 0:58:47]} Nf6 {[%clk 0:59:54]} 13. Nb3 {[%clk
0:57:13]} Bd6 {[%clk 0:48:57]} 14. Nxd7 {[%clk 0:54:43]} Nxd7 {[%clk 0:47:24]}
15. dxc5 {[%clk 0:54:03]} Be5 {[%clk 0:46:36]} 16. Qxb4 {[%clk 0:49:01]} O-O
{[%clk 0:44:18]} 17. Nd4 {[%clk 0:41:59]} Qe7 {[%clk 0:39:48]} 18. Nb5 {[%clk
0:37:30]} Nxc5 {[%clk 0:31:20]} 19. Ba3 {[%clk 0:37:17]} Rc8 {[%clk 0:31:16]} 20.
Qa5 {[%clk 0:33:19]} g6 {[%clk 0:20:24]} 21. h4 {[%clk 0:29:37]} Be4 {[%clk
0:17:18]} 22. Qb6 {[%clk 0:27:48]} Rc6 {[%clk 0:16:17]} 23. Qa5 {[%clk 0:22:21]}
Qd7 {[%clk 0:15:20]} 24. Qd2 {[%clk 0:18:02]} Nd3+ {[%clk 0:11:50]} 25. Bxd3
{[%clk 0:17:41]} Qxd3 {[%clk 0:11:53]} 26. Qxd3 {[%clk 0:15:43]} Bxd3 {[%clk
0:12:15]} 27. Kd2 {[%clk 0:14:21]} Bxc4 {[%clk 0:12:31]} 1/2-1/2

[Event "10th Amsterdam Science Park"]
[Site "Amsterdam"]
[Date "2022.07.19"]
[Round "2"]
[White "Honkoop, Gilian"]
[Black "Kumar, Prajit Sai"]
[Result "1/2-1/2"]
[Board "10"]
[WhiteElo "2205"]
[WhiteCountry "NED"]
[WhiteFideId "1051873"]
[WhiteEloChange "-4"]
[BlackElo "2040"]
[BlackCountry "NED"]
[BlackFideId "1070207"]
[BlackEloChange "4"]

1. c4 {[%clk 1:30:58]} c6 {[%clk 1:29:58]} 2. d4 {[%clk 1:30:57]} d5 {[%clk
1:30:00]} 3. Nf3 {[%clk 1:31:23]} Nf6 {[%clk 1:30:22]} 4. Qc2 {[%clk 1:31:41]} g6
{[%clk 1:30:15]} 5. Bf4 {[%clk 1:32:05]} dxc4 {[%clk 1:30:23]} 6. Qxc4 {[%clk
1:31:37]} Be6 {[%clk 1:30:19]} 7. Qc1 {[%clk 1:23:26]} Bd5 {[%clk 1:29:40]} 8.
Nbd2 {[%clk 1:22:22]} Nbd7 {[%clk 1:26:03]} 9. Qc2 {[%clk 1:17:32]} Qa5 {[%clk
1:23:32]} 10. a3 {[%clk 1:04:21]} c5 {[%clk 1:23:04]} 11. dxc5 {[%clk 1:04:48]}
Qxc5 {[%clk 1:23:16]} 12. Qxc5 {[%clk 1:05:09]} Nxc5 {[%clk 1:23:32]} 13. b4
{[%clk 1:01:40]} Nce4 {[%clk 1:08:07]} 14. Be5 {[%clk 1:01:12]} Bg7 {[%clk
1:05:39]} 15. Nxe4 {[%clk 1:00:22]} Bxe4 {[%clk 1:04:21]} 16. Nd4 {[%clk
0:57:18]} O-O {[%clk 0:45:22]} 17. f3 {[%clk 0:57:28]} Bc6 {[%clk 0:43:42]} 18.
e4 {[%clk 0:51:45]} Rac8 {[%clk 0:41:05]} 19. b5 {[%clk 0:36:57]} Bd7 {[%clk
0:39:39]} 20. Bd3 {[%clk 0:34:59]} Rc5 {[%clk 0:32:07]} 21. f4 {[%clk 0:31:45]}
Nh5 {[%clk 0:24:29]} 22. Bxg7 {[%clk 0:31:19]} Kxg7 {[%clk 0:22:45]} 23. O-O
{[%clk 0:30:38]} Nxf4 {[%clk 0:19:30]} 24. Rxf4 {[%clk 0:19:53]} e5 {[%clk
0:19:53]} 25. Nb3 {[%clk 0:19:09]} Rc3 {[%clk 0:20:10]} 26. Rf3 {[%clk 0:19:04]}
Rxb3 {[%clk 0:20:26]} 27. Bc4 {[%clk 0:19:32]} Rxf3 {[%clk 0:19:27]} 28. gxf3
{[%clk 0:20:01]} Rc8 {[%clk 0:16:49]} 29. Rd1 {[%clk 0:20:22]} Bh3 {[%clk
0:15:21]} 30. Bd5 {[%clk 0:19:55]} Rc7 {[%clk 0:15:23]} 31. a4 {[%clk 0:19:24]}
Kf6 {[%clk 0:14:18]} 32. a5 {[%clk 0:18:53]} Be6 {[%clk 0:13:24]} 33. Bxe6 {[%clk
0:18:01]} Kxe6 {[%clk 0:13:47]} 34. Rd8 {[%clk 0:18:29]} Rc5 {[%clk 0:11:02]} 35.
Ra8 {[%clk 0:18:55]} Rxb5 {[%clk 0:11:09]} 36. Rxa7 {[%clk 0:19:21]} Kf6 {[%clk
0:04:43]} 37. Kg2 {[%clk 0:19:06]} h5 {[%clk 0:02:39]} 38. Kg3 {[%clk 0:17:32]}
Kg5 {[%clk 0:01:47]} 39. h4+ {[%clk 0:17:55]} Kf6 {[%clk 0:01:29]} 40. a6 {[%clk
0:18:14]} bxa6 {[%clk 0:01:54]} 41. Rxa6+ {[%clk 0:18:38]} Kg7 {[%clk 0:30:29]}
42. Rc6 {[%clk 0:44:35]} Rb7 {[%clk 0:28:43]} 43. Rc5 {[%clk 0:44:45]} Re7 {[%clk
0:29:04]} 44. Ra5 {[%clk 0:44:33]} f5 {[%clk 0:27:30]} 45. exf5 {[%clk 0:44:43]}
gxf5 {[%clk 0:27:52]} 46. f4 {[%clk 0:44:39]} Kf6 {[%clk 0:27:41]} 47. Ra6+
{[%clk 0:43:45]} Re6 {[%clk 0:27:49]} 48. fxe5+ {[%clk 0:44:12]} Kxe5 {[%clk
0:28:04]} 49. Ra5+ {[%clk 0:44:40]} Ke4 {[%clk 0:27:36]} 50. Ra4+ {[%clk
0:45:02]} Ke3 {[%clk 0:27:13]} 51. Ra3+ {[%clk 0:45:28]} Ke4 {[%clk 0:27:30]} 52.
Ra4+ {[%clk 0:45:55]} Ke5 {[%clk 0:27:39]} 53. Ra5+ {[%clk 0:46:21]} Kf6 {[%clk
0:28:02]} 54. Ra4 {[%clk 0:45:59]} Rb6 {[%clk 0:23:50]} 55. Kf4 {[%clk 0:45:52]}
Rc6 {[%clk 0:24:04]} 56. Rb4 {[%clk 0:45:51]} Re6 {[%clk 0:24:25]} 1/2-1/2

[Event "10th Amsterdam Science Park"]
[Site "Amsterdam"]
[Date "2022.07.20"]
[Round "3"]
[White "Duchene, Rene"]
[Black "Zwirs, Nico"]
[Result "1/2-1/2"]
[Board "1"]
[WhiteElo "2137"]
[WhiteCountry "NED"]
[WhiteFideId "1006304"]
[WhiteEloChange "8"]
[BlackTitle "IM"]
[BlackElo "2485"]
[BlackCountry "NED"]
[BlackFideId "1036432"]
[BlackEloChange "-4"]

1. Nf3 {[%clk 1:30:52]} d5 {[%clk 1:30:53]} 2. d4 {[%clk 1:31:03]} Nf6 {[%clk
1:31:08]} 3. c4 {[%clk 1:31:29]} e6 {[%clk 1:31:29]} 4. e3 {[%clk 1:31:43]} c6
{[%clk 1:24:26]} 5. Nbd2 {[%clk 1:30:54]} Nbd7 {[%clk 1:18:05]} 6. Bd3 {[%clk
1:30:42]} Be7 {[%clk 1:18:29]} 7. O-O {[%clk 1:31:05]} O-O {[%clk 1:18:55]} 8. b3
{[%clk 1:26:17]} b6 {[%clk 1:18:48]} 9. Bb2 {[%clk 1:26:31]} dxc4 {[%clk
1:19:07]} 10. Nxc4 {[%clk 1:25:36]} c5 {[%clk 1:15:58]} 11. Qe2 {[%clk 1:20:23]}
Bb7 {[%clk 1:15:21]} 12. Rfd1 {[%clk 1:20:16]} Qc7 {[%clk 1:15:13]} 13. Rac1
{[%clk 1:13:54]} Rfd8 {[%clk 1:09:11]} 14. Nfe5 {[%clk 1:06:25]} Rac8 {[%clk
1:02:35]} 15. Nxd7 {[%clk 1:01:29]} Nxd7 {[%clk 0:45:37]} 16. dxc5 {[%clk
1:00:01]} Nxc5 {[%clk 0:45:20]} 17. Qg4 {[%clk 0:01:54]} Bf8 {[%clk 0:39:20]} 18.
Ne5 {[%clk 0:52:24]} Qe7 {[%clk 0:37:08]} 19. Bb1 {[%clk 0:48:13]} g6 {[%clk
0:33:46]} 20. Qf4 {[%clk 0:38:05]} Bg7 {[%clk 0:33:13]} 21. h4 {[%clk 0:32:11]}
h6 {[%clk 0:23:31]} 22. Bd4 {[%clk 0:29:35]} Nd7 {[%clk 0:18:11]} 23. Rxc8 {[%clk
0:16:10]} Rxc8 {[%clk 0:15:10]} 24. Nxf7 {[%clk 0:14:32]} e5 {[%clk 0:13:23]} 25.
Nxh6+ {[%clk 0:13:50]} Kh7 {[%clk 0:10:26]} 26. Qg3 {[%clk 0:11:53]} Nf8 {[%clk
0:09:49]} 27. Nf5 {[%clk 0:09:12]} gxf5 {[%clk 0:08:28]} 28. Bxf5+ {[%clk
0:09:33]} Kh8 {[%clk 0:08:01]} 29. Bxc8 {[%clk 0:08:55]} Bxc8 {[%clk 0:08:30]}
30. Bb2 {[%clk 0:08:47]} Bf5 {[%clk 0:07:45]} 31. Qg5 {[%clk 0:08:32]} Qxg5
{[%clk 0:06:46]} 32. hxg5 {[%clk 0:09:00]} Kh7 {[%clk 0:06:37]} 33. f4 {[%clk
0:09:14]} Nd7 {[%clk 0:05:33]} 34. Rd5 {[%clk 0:07:59]} Be6 {[%clk 0:04:14]} 35.
Rd6 {[%clk 0:08:19]} Bg4 {[%clk 0:04:43]} 36. g3 {[%clk 0:07:51]} Bf8 {[%clk
0:03:40]} 37. Rc6 {[%clk 0:07:38]} a5 {[%clk 0:01:57]} 38. Kf2 {[%clk 0:07:25]}
Nc5 {[%clk 0:00:56]} 39. Bxe5 {[%clk 0:06:19]} Nd3+ {[%clk 0:01:20]} 40. Kf1
{[%clk 0:06:29]} Nxe5 {[%clk 0:01:27]} 41. fxe5 {[%clk 0:06:53]} Bc5 {[%clk
0:01:04]} 42. Kf2 {[%clk 0:05:19]} Kg7 {[%clk 0:28:22]} 43. Rf6 {[%clk 0:34:55]}
Bh5 {[%clk 0:26:05]} 44. a3 {[%clk 0:27:37]} Bxa3 {[%clk 0:14:42]} 45. Rxb6
{[%clk 0:27:58]} Bb4 {[%clk 0:15:07]} 46. Rb7+ {[%clk 0:25:10]} Kg6 {[%clk
0:13:48]} 47. e4 {[%clk 0:25:29]} Bc5+ {[%clk 0:12:46]} 48. Ke1 {[%clk 0:25:36]}
Bf3 {[%clk 0:11:26]} 49. Kd2 {[%clk 0:24:37]} Bxe4 {[%clk 0:11:47]} 50. Rb5
{[%clk 0:24:44]} Bb4+ {[%clk 0:11:02]} 51. Ke3 {[%clk 0:25:02]} Bc2 {[%clk
0:11:00]} 52. Kd4 {[%clk 0:25:21]} Bxb3 {[%clk 0:08:48]} 53. Rxb4 {[%clk
0:25:27]} 1/2-1/2

[Event "10th Amsterdam Science Park"]
[Site "Amsterdam"]
[Date "2022.07.20"]
[Round "3"]
[White "Van Delft, Merijn"]
[Black "Baarslag, Ed"]
[Result "1-0"]
[Board "2"]
[WhiteTitle "IM"]
[WhiteElo "2383"]
[WhiteCountry "NED"]
[WhiteFideId "1004670"]
[WhiteEloChange "4"]
[BlackElo "2161"]
[BlackCountry "NED"]
[BlackFideId "1014285"]
[BlackEloChange "-4"]

1. e4 {[%clk 1:30:55]} c6 {[%clk 1:30:32]} 2. d4 {[%clk 1:31:15]} d5 {[%clk
1:30:56]} 3. e5 {[%clk 1:31:39]} Bf5 {[%clk 1:31:04]} 4. Nd2 {[%clk 1:31:59]} e6
{[%clk 1:31:13]} 5. Nb3 {[%clk 1:32:18]} a6 {[%clk 1:31:12]} 6. Nf3 {[%clk
1:21:52]} c5 {[%clk 1:30:56]} 7. Nxc5 {[%clk 1:21:24]} Bxc5 {[%clk 1:31:17]} 8.
dxc5 {[%clk 1:21:47]} Qa5+ {[%clk 1:31:39]} 9. c3 {[%clk 1:21:43]} Qxc5 {[%clk
1:31:58]} 10. Nd4 {[%clk 1:19:16]} Ne7 {[%clk 1:30:07]} 11. Be3 {[%clk 1:17:04]}
Qc7 {[%clk 1:30:12]} 12. f4 {[%clk 1:16:52]} Nbc6 {[%clk 1:24:43]} 13. Be2 {[%clk
1:14:06]} Nxd4 {[%clk 1:24:24]} 14. Qxd4 {[%clk 1:13:03]} O-O {[%clk 1:21:58]}
15. O-O {[%clk 1:09:46]} Be4 {[%clk 1:18:25]} 16. Qb6 {[%clk 1:08:46]} Rfc8
{[%clk 1:15:18]} 17. Qxc7 {[%clk 1:06:00]} Rxc7 {[%clk 1:15:42]} 18. a4 {[%clk
1:05:48]} f6 {[%clk 1:09:29]} 19. exf6 {[%clk 1:01:23]} gxf6 {[%clk 1:09:52]} 20.
g4 {[%clk 1:00:23]} Kf7 {[%clk 1:06:19]} 21. Kf2 {[%clk 0:57:18]} Rg8 {[%clk
1:04:53]} 22. Bb6 {[%clk 0:42:01]} Rcc8 {[%clk 1:00:29]} 23. Ke3 {[%clk 0:39:06]}
Rc6 {[%clk 0:45:13]} 24. a5 {[%clk 0:36:19]} Nc8 {[%clk 0:44:53]} 25. Bd4 {[%clk
0:36:28]} Nd6 {[%clk 0:45:00]} 26. Ra4 {[%clk 0:36:04]} h5 {[%clk 0:40:03]} 27.
g5 {[%clk 0:31:54]} Nf5+ {[%clk 0:37:15]} 28. Kd2 {[%clk 0:30:44]} Nxd4 {[%clk
0:28:31]} 29. Rxd4 {[%clk 0:30:33]} h4 {[%clk 0:25:44]} 30. Rb4 {[%clk 0:29:32]}
Rc7 {[%clk 0:25:37]} 31. Rb6 {[%clk 0:27:47]} Bf5 {[%clk 0:24:41]} 32. Rg1 {[%clk
0:26:07]} fxg5 {[%clk 0:23:59]} 33. fxg5 {[%clk 0:26:01]} Kg6 {[%clk 0:23:52]}
34. Bd3 {[%clk 0:24:18]} Re8 {[%clk 0:21:57]} 35. Rg4 {[%clk 0:23:09]} Rh7 {[%clk
0:20:50]} 36. h3 {[%clk 0:21:18]} Ree7 {[%clk 0:19:49]} 37. Bxf5+ {[%clk
0:16:28]} Kxf5 {[%clk 0:20:10]} 38. Rbb4 {[%clk 0:16:10]} e5 {[%clk 0:17:16]} 39.
Rb6 {[%clk 0:14:45]} Re6 {[%clk 0:15:05]} 40. g6 {[%clk 0:13:09]} Rg7 {[%clk
0:13:16]} 41. Rxe6 {[%clk 0:12:19]} Kxe6 {[%clk 0:13:26]} 42. Rxh4 {[%clk
0:12:33]} Rxg6 {[%clk 0:10:02]} 43. Rb4 {[%clk 0:06:15]} Rg7 {[%clk 0:09:08]} 44.
h4 {[%clk 0:05:53]} Kf5 {[%clk 0:03:50]} 45. Ke3 {[%clk 0:04:09]} e4 {[%clk
0:30:10]} 46. h5 {[%clk 0:32:47]} Rg3+ {[%clk 0:24:47]} 47. Kd4 {[%clk 0:24:15]}
Rd3+ {[%clk 0:06:32]} 48. Kc5 {[%clk 0:24:36]} e3 {[%clk 0:05:38]} 49. Rxb7
{[%clk 0:24:25]} Rd2 {[%clk 0:04:28]} 50. Re7 {[%clk 0:21:03]} Kf4 {[%clk
0:04:36]} 51. h6 {[%clk 0:21:15]} Rh2 {[%clk 0:02:44]} 52. h7 {[%clk 0:21:25]}
Kf3 {[%clk 0:02:59]} 53. Kd4 {[%clk 0:14:19]} Rd2+ {[%clk 0:03:27]} 54. Kc5
{[%clk 0:14:36]} Rh2 {[%clk 0:03:55]} 55. h8=Q {[%clk 0:12:12]} Rxh8 {[%clk
0:04:15]} 56. Kd4 {[%clk 0:12:08]} Rh4+ {[%clk 0:03:12]} 57. Kd3 {[%clk 0:12:31]}
Re4 {[%clk 0:02:36]} 58. Rf7+ {[%clk 0:12:47]} Kg4 {[%clk 0:02:51]} 59. Ke2
{[%clk 0:12:42]} d4 {[%clk 0:01:47]} 60. cxd4 {[%clk 0:11:54]} Rxd4 {[%clk
0:02:15]} 61. Rf6 {[%clk 0:11:18]} Rb4 {[%clk 0:01:57]} 62. Kxe3 {[%clk 0:11:23]}
Rxb2 {[%clk 0:01:59]} 63. Rxa6 {[%clk 0:11:32]} 1-0

[Event "10th Amsterdam Science Park"]
[Site "Amsterdam"]
[Date "2022.07.20"]
[Round "3"]
[White "Brouwer, Rein"]
[Black "Bosboom, Manuel"]
[Result "0-1"]
[Board "3"]
[WhiteElo "2076"]
[WhiteCountry "NED"]
[WhiteFideId "1046195"]
[WhiteEloChange "-3"]
[BlackTitle "IM"]
[BlackElo "2381"]
[BlackCountry "NED"]
[BlackFideId "1000080"]
[BlackEloChange "3"]

1. d4 {[%clk 1:30:56]} Nf6 {[%clk 1:30:36]} 2. c4 {[%clk 1:31:12]} g6 {[%clk
1:29:45]} 3. Nc3 {[%clk 1:31:30]} Bg7 {[%clk 1:30:09]} 4. e4 {[%clk 1:31:47]} d6
{[%clk 1:30:35]} 5. Nf3 {[%clk 1:31:46]} O-O {[%clk 1:28:17]} 6. Be2 {[%clk
1:32:04]} Nbd7 {[%clk 1:24:46]} 7. O-O {[%clk 1:32:23]} e5 {[%clk 1:25:07]} 8.
Be3 {[%clk 1:32:24]} exd4 {[%clk 1:24:45]} 9. Nxd4 {[%clk 1:32:42]} c6 {[%clk
1:23:42]} 10. f3 {[%clk 1:32:25]} d5 {[%clk 1:18:15]} 11. cxd5 {[%clk 1:23:07]}
cxd5 {[%clk 1:18:32]} 12. Ndb5 {[%clk 1:20:42]} a6 {[%clk 1:13:17]} 13. Nd6
{[%clk 1:19:28]} dxe4 {[%clk 1:13:31]} 14. fxe4 {[%clk 1:07:23]} Ne5 {[%clk
1:10:44]} 15. Nxc8 {[%clk 0:54:27]} Qxc8 {[%clk 1:06:40]} 16. Qb3 {[%clk
0:52:32]} Nfg4 {[%clk 0:54:08]} 17. Bb6 {[%clk 0:50:17]} Nc6 {[%clk 0:31:03]} 18.
Nd5 {[%clk 0:36:47]} h5 {[%clk 0:15:56]} 19. h3 {[%clk 0:32:53]} Nge5 {[%clk
0:14:19]} 20. Nc7 {[%clk 0:29:49]} Rb8 {[%clk 0:12:24]} 21. Nd5 {[%clk 0:27:51]}
Qe6 {[%clk 0:12:31]} 22. Qe3 {[%clk 0:26:58]} Nd7 {[%clk 0:11:35]} 23. Rad1
{[%clk 0:25:47]} Nxb6 {[%clk 0:11:49]} 24. Nxb6 {[%clk 0:26:13]} Ne5 {[%clk
0:08:35]} 25. b3 {[%clk 0:26:09]} Kh7 {[%clk 0:08:34]} 26. Nc4 {[%clk 0:23:39]}
b5 {[%clk 0:08:27]} 27. Nxe5 {[%clk 0:22:53]} Bxe5 {[%clk 0:08:55]} 28. Rd5
{[%clk 0:20:04]} Bc7 {[%clk 0:08:17]} 29. Bxh5 {[%clk 0:17:08]} Bb6 {[%clk
0:08:26]} 0-1

[Event "10th Amsterdam Science Park"]
[Site "Amsterdam"]
[Date "2022.07.20"]
[Round "3"]
[White "Blom, Vincent"]
[Black "De Winter, Arthur"]
[Result "1/2-1/2"]
[Board "4"]
[WhiteTitle "FM"]
[WhiteElo "2325"]
[WhiteCountry "NED"]
[WhiteFideId "1014358"]
[WhiteEloChange "-5"]
[BlackElo "2150"]
[BlackCountry "NED"]
[BlackFideId "1069020"]
[BlackEloChange "5"]

1. c4 {[%clk 1:27:55]} Nf6 {[%clk 1:30:56]} 2. g3 {[%clk 1:28:08]} g6 {[%clk
1:31:20]} 3. Bg2 {[%clk 1:28:36]} Bg7 {[%clk 1:31:47]} 4. Nc3 {[%clk 1:28:58]}
O-O {[%clk 1:32:03]} 5. Nf3 {[%clk 1:29:25]} d6 {[%clk 1:32:20]} 6. O-O {[%clk
1:29:47]} e5 {[%clk 1:32:38]} 7. d3 {[%clk 1:29:59]} c6 {[%clk 1:32:26]} 8. c5
{[%clk 1:18:55]} dxc5 {[%clk 1:23:41]} 9. Nxe5 {[%clk 1:16:29]} Nd5 {[%clk
1:23:18]} 10. Nxd5 {[%clk 1:12:42]} cxd5 {[%clk 1:23:12]} 11. d4 {[%clk 1:12:41]}
cxd4 {[%clk 1:11:19]} 12. Nd3 {[%clk 1:09:28]} Nc6 {[%clk 0:48:02]} 13. Qb3
{[%clk 1:00:47]} Bg4 {[%clk 0:36:30]} 14. Re1 {[%clk 0:56:33]} Re8 {[%clk
0:27:13]} 15. Bxd5 {[%clk 0:35:43]} Na5 {[%clk 0:26:43]} 16. Bxf7+ {[%clk
0:35:22]} Kf8 {[%clk 0:27:01]} 17. Qd5 {[%clk 0:33:57]} Qxd5 {[%clk 0:26:24]} 18.
Bxd5 {[%clk 0:34:21]} Rad8 {[%clk 0:26:47]} 19. Bg2 {[%clk 0:21:21]} Bxe2 {[%clk
0:25:43]} 20. Bd2 {[%clk 0:17:44]} Nc4 {[%clk 0:21:40]} 21. Bb4+ {[%clk 0:16:15]}
Kg8 {[%clk 0:17:43]} 22. Nf4 {[%clk 0:13:18]} d3 {[%clk 0:17:46]} 23. Bf1 {[%clk
0:04:25]} Bxb2 {[%clk 0:11:04]} 24. Rab1 {[%clk 0:04:10]} Bxf1 {[%clk 0:10:22]}
25. Kxf1 {[%clk 0:03:00]} Rxe1+ {[%clk 0:05:20]} 26. Kxe1 {[%clk 0:01:25]} g5
{[%clk 0:05:11]} 27. Ng2 {[%clk 0:01:31]} Re8+ {[%clk 0:01:50]} 28. Ne3 {[%clk
0:01:03]} Nxe3 {[%clk 0:01:08]} 29. fxe3 {[%clk 0:01:29]} Rxe3+ {[%clk 0:01:35]}
30. Kd2 {[%clk 0:01:40]} Re2+ {[%clk 0:01:31]} 31. Kxd3 {[%clk 0:02:05]} Rxh2
{[%clk 0:01:59]} 32. Bd2 {[%clk 0:02:23]} Be5 {[%clk 0:00:49]} 33. Rxb7 {[%clk
0:01:15]} Bxg3 {[%clk 0:00:50]} 34. Rxa7 {[%clk 0:00:38]} g4 {[%clk 0:01:14]} 35.
Bc3 {[%clk 0:00:51]} h5 {[%clk 0:00:55]} 36. Ke4 {[%clk 0:01:03]} Rc2 {[%clk
0:00:54]} 37. Bd4 {[%clk 0:00:33]} Rc4 {[%clk 0:01:15]} 38. Ra8+ {[%clk 0:00:55]}
Kf7 {[%clk 0:01:24]} 39. Kd5 {[%clk 0:00:49]} Rc2 {[%clk 0:01:29]} 40. Ke4 {[%clk
0:00:38]} Bf2 {[%clk 0:00:33]} 41. Ra7+ {[%clk 0:25:08]} Ke8 {[%clk 0:20:11]} 42.
Ra8+ {[%clk 0:24:04]} Kf7 {[%clk 0:19:33]} 43. Ra7+ {[%clk 0:24:13]} Kg6 {[%clk
0:14:26]} 44. Ra6+ {[%clk 0:24:15]} Kh7 {[%clk 0:14:52]} 45. Ra7+ {[%clk
0:24:38]} Kg8 {[%clk 0:10:55]} 46. Ra8+ {[%clk 0:25:01]} Kf7 {[%clk 0:09:46]} 47.
Ra7+ {[%clk 0:25:20]} Kg8 {[%clk 0:09:02]} 48. Ra8+ {[%clk 0:25:36]} 1/2-1/2

[Event "10th Amsterdam Science Park"]
[Site "Amsterdam"]
[Date "2022.07.20"]
[Round "3"]
[White "Van Arkel, Rogier"]
[Black "Vroombout, Enrico"]
[Result "1-0"]
[Board "5"]
[WhiteElo "2187"]
[WhiteCountry "NED"]
[WhiteFideId "1004450"]
[WhiteEloChange "8"]
[BlackElo "2125"]
[BlackCountry "NED"]
[BlackFideId "1008730"]
[BlackEloChange "-8"]

1. b3 {[%clk 1:29:09]} e5 {[%clk 1:30:24]} 2. Bb2 {[%clk 1:29:33]} Nc6 {[%clk
1:30:47]} 3. e3 {[%clk 1:29:44]} Nf6 {[%clk 1:31:13]} 4. Bb5 {[%clk 1:30:06]} Bd6
{[%clk 1:31:39]} 5. Na3 {[%clk 1:30:31]} Na5 {[%clk 1:11:25]} 6. Be2 {[%clk
1:30:03]} a6 {[%clk 1:04:05]} 7. c4 {[%clk 1:17:56]} Nc6 {[%clk 0:59:30]} 8. Nc2
{[%clk 1:15:49]} Be7 {[%clk 0:52:11]} 9. Nf3 {[%clk 1:11:01]} e4 {[%clk 0:44:37]}
10. Nfd4 {[%clk 1:07:42]} Nxd4 {[%clk 0:44:43]} 11. Nxd4 {[%clk 1:07:24]} d5
{[%clk 0:42:34]} 12. cxd5 {[%clk 1:05:56]} Qxd5 {[%clk 0:42:40]} 13. f3 {[%clk
0:52:44]} Qg5 {[%clk 0:27:13]} 14. O-O {[%clk 0:39:39]} c5 {[%clk 0:23:15]} 15.
Nc2 {[%clk 0:37:59]} Bh3 {[%clk 0:12:40]} 16. Rf2 {[%clk 0:29:52]} Bf5 {[%clk
0:10:05]} 17. Rc1 {[%clk 0:25:45]} Rd8 {[%clk 0:09:07]} 18. Qf1 {[%clk 0:19:04]}
O-O {[%clk 0:06:49]} 19. fxe4 {[%clk 0:17:46]} Bxe4 {[%clk 0:07:11]} 20. d3
{[%clk 0:18:00]} Bg6 {[%clk 0:06:21]} 21. e4 {[%clk 0:17:18]} Bh5 {[%clk
0:03:51]} 22. Rf5 {[%clk 0:10:40]} Bxe2 {[%clk 0:04:17]} 23. Qxe2 {[%clk
0:09:56]} Qg4 {[%clk 0:03:00]} 24. Rf3 {[%clk 0:10:07]} Nh5 {[%clk 0:02:35]} 25.
Ne3 {[%clk 0:09:52]} Qg6 {[%clk 0:01:31]} 26. Nf5 {[%clk 0:08:11]} Bd6 {[%clk
0:01:27]} 27. Rcf1 {[%clk 0:02:15]} f6 {[%clk 0:00:46]} 28. Rh3 {[%clk 0:07:16]}
1-0